Research for evidence-based practice

Bibliographic Details
Main Authors: Newell, Robert , 1954- (Author), Burnard, Philip (Author)
Format: Book
Language:English
Published: Oxford ; Malden, MA : Blackwell Publishing , 2006
Series:Vital notes for nurses
Subjects:

MARC

LEADER 00000cam a2200000 7i4500
001 0000050737
005 20080206093000.0
008 060828s2006 enk eng
020 |a 1405125624 
090 0 0 |a RT81.5   |b .N46 2006 
100 1 |a Newell, Robert ,   |d 1954- ,   |e author 
245 1 0 |a Research for evidence-based practice   |c Robert Newell, Philip Burnard 
260 |a Oxford ; Malden, MA :   |b Blackwell Publishing ,   |c 2006 
300 |a xiii, 242 p. :   |b ill. ;   |c 25 cm. 
440 0 |a Vital notes for nurses 
504 |a Includes bibliographical references and index 
650 0 |a Evidence-based nursing 
650 0 |a Nursing   |x Research   |x Methodology 
700 1 |a Burnard, Philip ,   |e author 
740 0 2 |a Research for evidence-based practice 
999 |a 1000111217   |b Book   |c OPEN SHELF (30 DAYS)   |e Gong Badak Campus